Goods and services tax: law and practice (Record no. 121446)
[ view plain ]
| 000 -LEADER | |
|---|---|
| fixed length control field | 00548nam a2200217Ia 4500 |
| 003 - CONTROL NUMBER IDENTIFIER | |
| control field | OSt |
| 005 - DATE AND TIME OF LATEST TRANSACTION | |
| control field | 20250721113628.0 |
| 008 - FIXED-LENGTH DATA ELEMENTS--GENERAL INFORMATION | |
| fixed length control field | 210210b2017 xxu||||| |||| 00| 0 eng d |
| 020 ## - INTERNATIONAL STANDARD BOOK NUMBER | |
| International Standard Book Number | 9789352734252 |
| 040 ## - CATALOGING SOURCE | |
| Transcribing agency | AL |
| 041 ## - LANGUAGE CODE | |
| Language code of text/sound track or separate title | eng |
| 082 ## - DEWEY DECIMAL CLASSIFICATION NUMBER | |
| Classification number | 657.46 BHAG |
| 100 ## - MAIN ENTRY--PERSONAL NAME | |
| Personal name | Bhaskara B G |
| 9 (RLIN) | 62600 |
| 245 ## - TITLE STATEMENT | |
| Title | Goods and services tax: law and practice |
| 260 ## - PUBLICATION, DISTRIBUTION, ETC. | |
| Place of publication, distribution, etc. | Mumbai |
| Name of publisher, distributor, etc. | Himalaya Publishing House |
| Date of publication, distribution, etc. | 2017 |
| 300 ## - PHYSICAL DESCRIPTION | |
| Extent | vi,254p |
| 690 ## - LOCAL SUBJECT ADDED ENTRY--TOPICAL TERM (OCLC, RLIN) | |
| Topical term or geographic name as entry element | Income Tax |
| 9 (RLIN) | 62601 |
| 700 ## - ADDED ENTRY--PERSONAL NAME | |
| Personal name | Gowda, Ramchandra M |
| 9 (RLIN) | 62602 |
| 906 ## - LOCAL DATA ELEMENT F, LDF (RLIN) | |
| a | 071725 |
| 942 ## - ADDED ENTRY ELEMENTS (KOHA) | |
| Source of classification or shelving scheme | Dewey Decimal Classification |
| Koha item type | Book |
| Withdrawn status | Lost status | Source of classification or shelving scheme | Damaged status | Not for loan | Collection code | Home library | Current library | Shelving location | Date acquired | Source of acquisition | Cost, normal purchase price | Total Checkouts | Full call number | Barcode | Date last seen | Price effective from | Koha item type |
|---|---|---|---|---|---|---|---|---|---|---|---|---|---|---|---|---|---|
| Dewey Decimal Classification | Commerce | St Aloysius Library | St Aloysius Library | Reference Section | 02/17/2021 | Biblios Book Point, Surathkal-575014 | 215.00 | 657.46 BHAG | 071729 | 02/17/2021 | 02/17/2021 | Reference | |||||
| Dewey Decimal Classification | Commerce | St Aloysius Library | St Aloysius Library | 02/17/2021 | Biblios Book Point, Surathkal-575014 | 215.00 | 657.46 BHAG | 071728 | 02/17/2021 | 02/17/2021 | Book | ||||||
| Dewey Decimal Classification | Commerce | St Aloysius Library | St Aloysius Library | 02/17/2021 | Biblios Book Point, Surathkal-575014 | 215.00 | 657.46 BHAG | 071727 | 02/17/2021 | 02/17/2021 | Book | ||||||
| Dewey Decimal Classification | Commerce | St Aloysius Library | St Aloysius Library | 02/17/2021 | Biblios Book Point, Surathkal-575014 | 215.00 | 657.46 BHAG | 071726 | 02/17/2021 | 02/17/2021 | Book | ||||||
| Dewey Decimal Classification | Commerce | St Aloysius Library | St Aloysius Library | 02/17/2021 | Biblios Book Point, Surathkal-575014 | 215.00 | 657.46 BHAG | 071725 | 02/17/2021 | 02/17/2021 | Book |